Statistics for Second Languages #5

Click here to take the quiz!

General Stats

  • This quiz has been taken 66 times
  • The average score is 9 of 14

Answer Stats

CountryLanguage% Correct
SwitzerlandFrench
96%
East TimorPortuguese
96%
LatviaRussian
96%
Costa RicaEnglish
91%
ChadArabic
84%
KenyaKiswahili (swahili)
84%
MoldovaRomanian
78%
IndiaBengali
76%
TaiwanMandarin chinese
69%
SyriaKurdish
62%
PeruQuechua
62%
KyrgyzstanUzbek
47%
AngolaBantu
4%
HondurasMiskito
4%

Score Distribution

Percentile by Number Answered

Percent of People with Each Score

Your Score History

You have not taken this quiz